Statistics for Nordic Countries by Picture

Click here to take the quiz!

General Stats

  • This quiz has been taken 15 times
  • The average score is 7 of 9

Answer Stats

Answer% Correct
Denmark
100%
Finland
93%
Iceland
93%
Norway
87%
Sweden
87%
Greenland
73%
Estonia
67%
Faroe Islands
60%
Svalbard
47%

Score Distribution

Percentile by Number Answered

Percent of People with Each Score

Your Score History

You have not taken this quiz